読みが2文字の市町村人口ランキング - Statistics

General Stats
  • This quiz has been taken 812 times
  • The average score is 35 of 50
Answer Stats
順位 都道府県・郡 自治体名 推計人口 % Correct
1 千葉県 千葉市 979,532
100%
2 岐阜県 岐阜市 396,130
100%
3 奈良県 奈良市 349,774
100%
4 沖縄県 那覇市 312,433
99%
5 茨城県 水戸市 268,231
98%
8 佐賀県 佐賀市 229,840
98%
9 広島県 呉市 202,105
92%
7 静岡県 富士市 241,103
91%
11 京都府 宇治市 175,719
88%
12 山口県 宇部市 158,124
82%
20 三重県 伊勢市 118,884
82%
15 東京都 多摩市 146,249
81%
6 大阪府 八尾市 260,134
77%
10 東京都 日野市 190,944
76%
13 千葉県 野田市 152,011
74%
21 栃木県 佐野市 113,056
74%
36 石川県 加賀市 60,425
74%
29 山梨県 甲斐市 75,827
73%
46 青森県 むつ市 50,910
73%
14 埼玉県 久喜市 148,737
71%
18 神奈川県 座間市 132,075
71%
24 長野県 佐久市 97,408
71%
26 三重県 伊賀市 84,851
71%
27 岐阜県 関市 82,822
71%
31 佐賀県 鳥栖市 74,805
70%
17 茨城県 古河市 137,715
69%
25 愛知県 あま市 85,801
69%
40 神奈川県 逗子市 56,019
69%
22 埼玉県 加須市 110,848
68%
34 沖縄県 名護市 64,457
67%
16 埼玉県 戸田市 142,233
65%
37 大分県 日田市 59,862
65%
23 岐阜県 可児市 98,594
63%
35 長野県 伊那市 64,383
63%
47 大分県 宇佐市 50,661
61%
19 愛知県 瀬戸市 126,229
60%
48 滋賀県 野洲市 50,205
59%
28 愛知県 知多市 82,552
58%
30 埼玉県 志木市 75,353
57%
33 宮城県 登米市 72,150
57%
42 熊本県 宇城市 55,656
57%
43 長野県 茅野市 55,399
56%
38 福岡県 八女市 58,681
55%
44 岐阜県 土岐市 53,051
54%
32 兵庫県 三木市 72,844
53%
45 茨城県 那珂市 52,573
53%
49 茨城県・稲敷郡 阿見町 49,979
53%
41 福島県 伊達市 55,769
51%
50 石川県 能美市 48,276
49%
39 福岡県 古賀市 58,333
47%
No matching quizzes found
Score Distribution
Percent of People with Each Score
Percentile by Number Answered
Your Score History
You have not taken this quiz